Medical reference works, 1679-1966, a selected bibliography. Supplement.

Bibliographic Details
Format: Serial
Language:English
Published: Chicago : Medical Library Association, 1970-
Subjects:

MARC

Tag First Indicator Second Indicator Subfields
LEADER 00000cas a2200000 4500
001 in00004454449
005 20191202121017.0
008 780207c19689999iluuu b 0uuua0eng d
019 |a 3620697 
035 |a (OCoLC)03614052 
035 |z (UtOrBLW)1905 
035 |a 3107 
040 |a TXA  |c TXA  |d MUL  |d RCS  |d TMV  |d UtOrBLW 
049 |a TMVM 
060 0 0 |a W1 ME372 no.3 1967 suppl. 
060 4 |a Z 675  |b M4 B636m 1967 suppl. 
069 1 |a M17080000 
245 0 0 |a Medical reference works, 1679-1966, a selected bibliography.  |p Supplement. 
264 1 |a Chicago :  |b Medical Library Association,  |c 1970- 
300 |a volumes ;  |c 25 cm. 
336 |a text  |2 rdacontent  |b txt 
337 |a unmediated  |2 rdamedia 
338 |a volume  |2 rdacarrier  |b nc 
362 0 |a 1 ([1967-1968])- 
500 |a Original volume edited by J.B. Blake and C. Roos. 
650 2 |a Bibliography of Medicine. 
650 2 |a History of Medicine  |v Bibliography. 
650 2 |a Reference Books, Medical. 
999 |a MARS 
999 f f |s 08849353-2923-334d-9f8d-6d47207c1ad0  |i 0159b9f0-5078-343b-b06c-2dfd596fdcc3  |t 0 
952 f f |p ric  |a Texas A&M University  |b Rellis Campus  |c Joint Library Facility  |d Remote Storage  |t 0  |e Z 675 M4 B636m  |h National Library of Medicine classification  |i unmediated -- volume  |k Suppl.2  |l 1969-1972  |m 323890023713+ 
952 f f |p ric  |a Texas A&M University  |b Rellis Campus  |c Joint Library Facility  |d Remote Storage  |t 0  |e Z 675 M4 B636m  |h National Library of Medicine classification  |i unmediated -- volume  |k Suppl.3  |l 1973-1974  |m 323890023714% 
952 f f |p ric  |a Texas A&M University  |b Rellis Campus  |c Joint Library Facility  |d Remote Storage  |t 0  |e Z 675 M4 B636m  |h National Library of Medicine classification  |i unmediated -- volume  |k Suppl.1  |l 1967-1968  |m 323890023712/ 
998 f f |a Z 675 M4 B636m  |s suppl.1(1967-1968)-suppl.3(1973-1974)  |t 0  |l Remote Storage